| 000 | 03959cam a2200397 i 4500 | ||
|---|---|---|---|
| 001 | 768714001 | ||
| 003 | CO-MdFUSB | ||
| 005 | 20220408123704.0 | ||
| 007 | ta | ||
| 008 | 900116t1990 inu b 001 0 eng | ||
| 010 | _a90030764 | ||
| 020 | _a0931464463 | ||
| 040 |
_aDLC _cCO-MdFUSB _dPMC _dUtOrBLW _bspa _erda |
||
| 041 | _aeng | ||
| 082 |
_223 _a296.61093 _bSA129 |
||
| 245 | 0 | 4 |
_aThe sage in Israel and the ancient near east _c/ Editado por: John G. Gammie , Leo G. Perdue. |
| 264 | 1 |
_aWinona Lake, Ind. : _bEisenbrauns, _c[1990] |
|
| 264 | 4 | _c© 1990 | |
| 300 |
_a545 páginas ; _c24 cm. |
||
| 336 |
_atexto _btxt _2rdacontent. |
||
| 337 |
_asin mediación _bn _2rdamedia. |
||
| 338 |
_avolumen _bnc _2rdacarrier. |
||
| 504 | _aIncluye referencias bibliográficas (p. 499-512) e índices. | ||
| 505 | _aEl "sabio" femenino en la literatura mesopotámica (con un apéndice sobre Egipto) / Rivkah Harris -- El sabio en la literatura egipcia / Ronald J. Williams -- El sabio en la literatura sumeria: un retrato compuesto / Samuel Noah Kramer -- El sabio en Literatura acadia: un estudio filológico / Ronald FG Sweet -- Una encuesta y guía de lectura de la literatura didáctica de Ugarit: prolegómeno de un estudio sobre el sabio / Loren R. Mack-Fisher -- El sabio en la literatura iraní antigua / James R. Russell -- Las funciones del sabio en la corte real egipcia / Ronald J. Williams -- El sabio en los palacios mesopotámicos y las cortes reales / Roanld FG Dulce -- El escriba (y sabio) en la corte real de Ugarit / Loren R. Mack-Fisher. | ||
| 505 | _aEl significado social de Salomón como patrón de la sabiduría / Walter A. Brueggemann -- El sabio en la corte real israelita / R.N. Whybray -- Sabios y escribas en las cortes del antiguo Irán / James R. Russell -- El sabio en las cortes reales helenísticas / John G. Gammie -- El sabio en la familia y la tribu / Carole R. Fontaine -- El sabio en la escuela y templo / André Lemaire -- El sabio femenino en el antiguo Israel y en la literatura de sabiduría bíblica / Claudia V. Camp -- El sabio en Proverbios / James L. Crenshaw -- El sabio en los Salmos / Anthony R. Ceresko -- Trabajo como un sabio / Samuel Terrien -- El sabio y la sabiduría piadosa en el Libro de Job: la perspectiva de los amigos / Rainer Albertz -- El sabio en Eclesiastés y Qoheleth el sabio / Roland E. Murphy. | ||
| 505 | _aEl sabio en el Pentateuco: sondeos / Tikva Frymer-Kensky -- El sabio en la historia deuteronomista / P. Kyle McCarter Jr. -- El sabio en la literatura profética / Raymond C. Van Leeuwen -- El sabio, el escriba y el escriba en la obra del cronista / Joseph Blenkinsopp -- El sabio en la literatura filosófica helenística (399 a. C.-199 d. C.) / George B. Kerferd -- El sabio en géneros literarios helenísticos y romanos selectos (epístolas filosóficas, discursos políticos, historia, comedia, y romances) / Benjamin Fiore -- El sabio en la literatura apocalíptica y pseudoepigráfica / John J. Collins -- El sabio en Sirach / John G. Gammie -- El sabio en la literatura de Qumran : las funciones del Maśkîl / Carol A .Newsom. | ||
| 505 | _aEl sabio como místico en la sabiduría de Salomón / David Winston -- Jesús como sabio : una voz innovadora en la sabiduría común / Bernard Brandon Scott -- El sabio rabínico temprano / Steven D. Fraade. -- Del escribalismo al rabinismo: perspectivas sobre el surgimiento del judaísmo clásico / Michael Fishbone -- Cosmología y el orden social en la tradición de la sabiduría / Leo G. Perdue -- Del prudencialismo al apocalipsis: las casas de los sabios en medio de las diversas formas de sabiduría / John G. Gammie. | ||
| 563 | _aPasta dura | ||
| 630 | 0 | 7 |
_aBiblia. _pAntiguo Testamento |
| 653 | _aBiblia. Antiguo Testamento -- Paralelo extra canónico. | ||
| 700 | 1 |
_aGammie, John G. _eeditor |
|
| 700 | 1 |
_aPerdue, Leo G. _eeditor |
|
| 942 | _cBK | ||
| 945 | _aJTF-925 | ||
| 999 |
_c67369 _d67369 |
||